Ο πιστωτικός κίνδυνος και το μοντέλο credit risk plus : μεταπτυχιακή εργασία

Στην παρούσα εργασία επιχειρείται μια σφαιρική προσέγγιση στις έννοιες και τεχνικές διαχείρισης του πιστωτικού κινδύνου. Πιο συγκεκριμένα, παρουσιάζονται η δομή και οι λειτουργίες του χρηματοπιστωτικού συστήματος, καθώς και το πλαίσιο λειτουργίας των πιστωτικών ιδρυμάτων. Επίσης, παρουσιάζονται τα π...

Πλήρης περιγραφή

Αποθηκεύτηκε σε:
Λεπτομέρειες βιβλιογραφικής εγγραφής
Κύριος συγγραφέας: Χατζηγεωργίου, Μαριγώ
Συγγραφή απο Οργανισμό/Αρχή: Πανεπιστήμιο Αιγαίου. Σχολή Θετικών Επιστημών. Τμήμα Στατιστικής και Αναλογιστικών-Χρηματοοικονομικών Μαθηματικών. Μεταπτυχιακό Πρόγραμμα Στατιστική και Αναλογιστικά - Χρηματοοικονομικά Μαθηματικά
Μορφή: Thesis Βιβλίο
Γλώσσα:Greek
Δημοσίευση: [2014].
Θέματα:
Διαθέσιμο Online:http://hdl.handle.net/11610/15594
Ετικέτες: Προσθήκη ετικέτας
Δεν υπάρχουν, Καταχωρήστε ετικέτα πρώτοι!

MARC

LEADER 00000cam a2200000 i 4500
001 1/44344
008 140314q2014 gr | ||| |||| ||gre||
035 |l 10117108 
040 |a GR-MyUA  |b gre  |e AACR2 
041 0 |a gre 
082 0 |a 332.7  |2 (22) 
100 1 |a Χατζηγεωργίου, Μαριγώ. 
245 1 2 |a Ο πιστωτικός κίνδυνος και το μοντέλο credit risk plus :   |b μεταπτυχιακή εργασία /   |c Μαριγώ Χατζηγεωργίου ; επιβλέπων καθηγητής Στυλιανός Ξανθόπουλος.  
260 |c [2014].  
300 |a 131 σ. :   |b εικ., πιν. ;   |c 30 εκ.  
500 |a Μέλη της εξεταστικής επιτροπής: Ξανθόπουλος Στυλιανός, Τσιμήκας Τζων, Χαλιδιάς Νικόλαος.  
500 |a Περιορισμός στην πρόσβαση του ηλεκτρονικού τεκμηρίου.  
502 |a Διατριβή (μεταπτυχιακή) – Πανεπιστήμιο Αιγαίου, Σάμος, 2014.  
504 |a Βιβλιογραφία: σ. 123-131. 
520 |a Στην παρούσα εργασία επιχειρείται μια σφαιρική προσέγγιση στις έννοιες και τεχνικές διαχείρισης του πιστωτικού κινδύνου. Πιο συγκεκριμένα, παρουσιάζονται η δομή και οι λειτουργίες του χρηματοπιστωτικού συστήματος, καθώς και το πλαίσιο λειτουργίας των πιστωτικών ιδρυμάτων. Επίσης, παρουσιάζονται τα πιο διαδεδομένα υποδείγματα μέτρησης πιστωτικού κινδύνου, τόσο σε επίπεδο μεμονωμένων πιστούχων, όσο και σε επίπεδο χαρτοφυλακίου. Τέλος, παρουσιάζεται το μοντέλο Credit risk plus της εταιρείας Credit Suisse First Boston, το οποίο είναι ένα ιδιαίτερα αποτελεσματικό μοντέλο εκτίμησης πιστωτικού κινδύνου χαρτοφυλακίων.  
610 2 0 |a University of the Aegean  |x Dissertations. 
650 0 0 |a Credit  |x Management. 
650 0 0 |a Risk management. 
650 0 0 |a Dissertations, Academic  |z Greece. 
700 1 |a Ξανθόπουλος, Στυλιανός,  |e dgs 
710 2 |a Πανεπιστήμιο Αιγαίου.   |b Σχολή Θετικών Επιστημών.   |b Τμήμα Στατιστικής και Αναλογιστικών-Χρηματοοικονομικών Μαθηματικών.   |b Μεταπτυχιακό Πρόγραμμα Στατιστική και Αναλογιστικά - Χρηματοοικονομικά Μαθηματικά. 
852 |a INST  |b SAMOS  |c DIATR  |e 20140314  |h 332.7 ΧΑΤ  |p 005300036551  |q 005300036551  |t MTXE  |y 23 
852 |a INST  |b SAMOS  |c DIATR  |e 20140314  |h 332.7 ΧΑΤ  |p 005300036552  |q 005300036552  |t MTXE  |y 23 
856 |u http://hdl.handle.net/11610/15594 
901 |a BIBL3-2014-1 
909 |a Σ  |b 184731 
909 |a Σ  |b 184732 
924 |a ΧΑΤΖΗΓΕΩΡΓΙΟΥ  |b ΜΑΡΙΓΩ  |y Σάμος  |z 2014-02 
970 |z 2014/03/14